Normale Ansicht MARC-Ansicht ISBD

Lubuskie natürlich = (Titelsatznr. 80313)

[ MARC ]
MARC-Details
000 -Satzkennung
Kontrollfeld mit fester Länge 00391nam a22001457a 4500
008 - Feld mit fester Länge zur physischen Beschreibung - Allgemeine Angaben
Kontrollfeld mit fester Länge 201208b ||||| |||| 00| 0 eng d
040 ## - Katalogisierungsquelle
Bearbeitungsstelle StAFF
041 ## - Sprachcode
Sprachcode des Textes/der Tonspur oder des separaten Titels ger
245 ## - Titel
Titel Lubuskie natürlich =
246 ## - Titelvarianten
Hauptsachtitel/Kurztitel Lubuskie
Zusatz zum Titel Es ist wert
260 ## - Publikation, Vertrieb usw. (Erscheinungsvermerk)
Erscheinungsort, Vertriebsort etc. Zielona Gora:
Name des Verlags, des Vertriebs etc. Marschallamt der Wojewodschaft Lubuskie,
Date of publication, distribution, etc 2010
300 ## - Physische Beschreibung
Umfang 34 Seiten
Andere physische Details zahl. Ill.
942 ## - Zusätzliche Felder (Koha)
Klassifikation oder Aufstellungssystematik Andere/Generische Klassifikation
Koha-Medientyp Bücher
Exemplare
Ausgeschieden Verloren Klassifikation oder Aufstellungssystematik Beschädigt Nicht entleihbar Permanenter Standort Aktueller Standort Aufstellungsort Erwerbungsdatum Kodierter Standort-Qualifier Anzahl Ausleihen Signatur Letzte Aktivität Exemplarnummer Preis gültig von Medientyp
    Andere/Generische Klassifikation     Stadtarchiv Frankfurt (Oder) | Archivbibliothek Stadtarchiv Frankfurt (Oder) | Archivbibliothek Magazin 08/12/2020 M   II: 4971 08/12/2020 181/2020 08/12/2020 Bücher